000 00416nam a2200169Ia 4500
001 16452
003 IN-NITTTR
005 20251114233155.0
008 251113s9999||||xx |||||||||||||| ||eng||
040 _beng
040 _cIN-NITTTR
041 _aeng
082 _a004.16 O1I
100 _aOsborne, Adam
245 3 _aAn introduction to microcomputers :
_b the beginner's book /
_cOsborne, Adam
942 _2ddc
_cBK
999 _c19086
_d19086